North American Geography A-Z - Statistics

General Stats
  • This quiz has been taken 587 times
    155 since last reset
  • The average score is 20 of 26
Answer Stats
Clue Answer % Correct
B Strait separating North America from Asia Bering Strait
98%
K Capital of Jamaica Kingston
98%
P Canal that was opened in 1914 Panama Canal
98%
C Sea that touches 25 countries Caribbean Sea
96%
Q Largest New York City borough by area Queens
96%
E Country whose crackdowns on gangs made it the safest country in Central America El Salvador
95%
H Island on which two extremely unequal countries lie Hispaniola
93%
I Native people of the Arctic regions of North America Inuit
93%
O U.S. state with the highest number of strong tornadoes per unit area Oklahoma
93%
W One of the two rectangular states of the U.S. Wyoming
92%
N Collective name for the American Falls, Bridal Veil Falls and Horseshoe Falls Niagara Falls
91%
Y Smallest of the three territories of Canada Yukon
87%
A Mount Mitchell is the highest peak of this mountain range Appalachians
84%
S Famous fault line that runs along most of California's coast San Andreas
84%
L Huge peninsula on which most of Quebec and Newfoundland's other half lies Labrador
78%
Z National park in Utah with a famous view from Angels Landing Zion
70%
R Capital of Saskatchewan Regina
68%
U The top half of Michigan Upper Peninsula
65%
F Canadian bay with the world's highest tides Bay of {Fundy}
63%
D Swampy region between North and South America with no roads going through it {Darién} Gap
63%
G The southernmost of the Windward Islands Grenada
63%
V Vieques, Saint Croix and Tortola are parts of it Virgin Islands
57%
T Island that is located east of Gulf of Paria Trinidad
52%
J Mexican state whose capital is Guadalajara Jalisco
49%
M World's longest cave system {Mammoth} Cave
46%
X Mexican state capital whose residents are the namesake of a type of green chili pepper Xalapa
14%
No matching quizzes found
Score Distribution
Percent of People with Each Score
Percentile by Number Answered
Your Score History
You have not taken this quiz since the last reset